[Event "Gran Canaria Cabildo Cup"]
[Site "Gran Canaria"]
[Date "2013.04.18"]
[Round "3"]
[White "Also Alvarado, Luis"]
[Black "Garcia Blanco, Omar"]
[Result "1/2-1/2"]
[WhiteElo "2203"]
[BlackElo "2251"]
[PlyCount "30"]
[EventDate "2013.04.11"]
[EventType "tourn"]
[EventRounds "7"]
[EventCountry "ESP"]
[SourceTitle "EXT 2015"]
[Source "ChessBase"]
[SourceDate "2014.11.20"]
[SourceVersion "1"]
[SourceVersionDate "2014.11.20"]
[SourceQuality "1"]

1. d4 Nf6 2. Nf3 c5 3. e3 d6 4. Be2 Nbd7 5. 0-0 e5 6. dxe5 dxe5 7. Nc3 Be7 8. e4 0-0 9. Bg5 Qc7 10. a4 Rd8 11. Qc1 b6 12. Bc4 Bb7 13. Nh4 Nf8 14. Nf5 Ne6 15. Bh4 Nd4 1/2-1/2

[Event "Gran Canaria Cabildo Cup"]
[Site "Gran Canaria"]
[Date "2013.04.11"]
[Round "1"]
[White "Also Alvarado, Luis"]
[Black "Gutierrez Olivares, Daniel"]
[Result "0-1"]
[WhiteElo "2203"]
[BlackElo "2360"]
[PlyCount "122"]
[EventDate "2013.04.11"]
[EventType "tourn"]
[EventRounds "7"]
[EventCountry "ESP"]
[SourceTitle "EXT 2015"]
[Source "ChessBase"]
[SourceDate "2014.11.20"]
[SourceVersion "1"]
[SourceVersionDate "2014.11.20"]
[SourceQuality "1"]

1. d4 Nf6 2. Nf3 e6 3. e3 b6 4. Be2 Bb7 5. 0-0 Be7 6. c4 c5 7. Nc3 cxd4 8. exd4 d6 9. d5 e5 10. Nh4 Qc8 11. Qa4+ Kf8 12. f4 e4 13. Kh1 h5 14. f5 Nbd7 15. Bg5 Nxd5 16. cxd5 Bxg5 17. Nxe4 Nc5 18. Nxc5 Qxc5 19. Ng6+ fxg6 20. fxg6+ Kg8 21. Qd7 Bxd5 22. Rf7 Bf6 23. Bf3 Rh6 24. Rxf6 gxf6 25. Rd1 Bxa2 26. Bxa8 Rxg6 27. Re1 Bf7 28. Be4 Qb4 29. Re2 Qc4 30. Re1 Qb4 31. Re2 Qc4 32. Re1 Rg4 33. Bf3 Rd4 34. Qf5 Rf4 35. Qd7 Qb4 36. Rd1 Rd4 37. Rf1 a5 38. Qd8+ Kg7 39. Bxh5 Rf4 40. Bf3 d5 41. Qc7 Qc4 42. Rc1 Qxc7 43. Rxc7 Rc4 44. Rxf7+ Kg6 45. Kg1 Rc1+ 46. Kf2 Rc2+ 47. Ke3 Kxf7 48. Bxd5+ Ke7 49. b3 Kd6 50. Kd3 Rc5 51. Bf3 b5 52. Bd1 Rd5+ 53. Kc2 Kc5 54. h4 a4 55. bxa4 bxa4 56. Bf3 Rd8 57. Kc3 Rb8 58. Bd1 a3 59. Bb3 Rh8 60. Bd1 Rxh4 61. Kb3 Rd4 0-1

[Event "Las Palmas Insular-chT Pref"]
[Site "Las Palmas"]
[Date "2013.02.23"]
[Round "10.2"]
[White "Lopez Colon, Francisco"]
[Black "Also Alvarado, Luis"]
[Result "1/2-1/2"]
[WhiteElo "2093"]
[BlackElo "2214"]
[PlyCount "46"]
[EventDate "2012.11.10"]
[EventType "team-tourn"]
[EventRounds "14"]
[EventCountry "ESP"]
[SourceTitle "EXT 2014"]
[Source "ChessBase"]
[SourceDate "2013.11.20"]
[SourceVersion "1"]
[SourceVersionDate "2013.11.20"]
[SourceQuality "1"]
[WhiteTeam "Villa de Teror"]
[BlackTeam "Real Club Victoria"]
[WhiteTeamCountry "ESP"]
[BlackTeamCountry "ESP"]

1. d4 Nf6 2. c4 e6 3. Nc3 Bb4 4. Qc2 c5 5. dxc5 0-0 6. a3 Bxc5 7. b4 Be7 8. Bb2 a5 9. b5 d6 10. g3 Nbd7 11. Bg2 Qc7 12. Na4 Rb8 13. Nf3 b6 14. Nd4 Ne5 15. Nc6 Bb7 16. Bxe5 dxe5 17. 0-0 Bxc6 18. Bxc6 Nd7 19. Rfd1 Rfd8 20. Rd3 Nc5 21. Nxc5 Bxc5 22. Rad1 Rxd3 23. Qxd3 Be7 1/2-1/2

[Event "Canarias-chT"]
[Site "Fuerteventura"]
[Date "2012.06.09"]
[Round "5.3"]
[White "Also Alvarado, Luis"]
[Black "Gonzalez Acosta, Angel"]
[Result "1-0"]
[WhiteElo "2220"]
[BlackElo "2059"]
[PlyCount "85"]
[EventDate "2012.06.07"]
[EventType "team-tourn"]
[EventRounds "7"]
[EventCountry "ESP"]
[SourceTitle "CBM 148 Extra"]
[Source "ChessBase"]
[SourceDate "2012.06.22"]
[SourceVersion "1"]
[SourceVersionDate "2012.06.22"]
[SourceQuality "1"]
[WhiteTeam "Real Club Victoria"]
[BlackTeam "Sociedad Democracia"]
[WhiteTeamCountry "ESP"]
[BlackTeamCountry "ESP"]

1. d4 f5 2. g3 g6 3. Bg2 Nf6 4. Nh3 Bg7 5. 0-0 d6 6. c3 e6 7. Qb3 c6 8. Nd2 0-0 9. a4 Kh8 10. Nc4 Qe7 11. Qa3 Rd8 12. f3 Qc7 13. Bf4 Bf8 14. Qb3 Nbd7 15. Ng5 Nb8 16. e4 h6 17. Nh3 g5 18. Bxd6 Bxd6 19. e5 Be7 20. exf6 Bxf6 21. f4 g4 22. Nf2 c5 23. dxc5 Na6 24. Rad1 Nxc5 25. Rxd8+ Bxd8 26. Qd1 Bd7 27. b3 Rc8 28. Nd6 Rb8 29. Nf7+ Kg8 30. Nxh6+ Kg7 31. Nhxg4 fxg4 32. Qxg4+ Kf8 33. Qh5 Bf6 34. Ng4 Bg7 35. f5 exf5 36. Bd5 Ke7 37. Qf7+ Kd6 38. Rd1 Qb6 39. Nf2 Kc7 40. Qxg7 Re8 41. b4 Nxa4 42. Bb3 Qc6 43. Qxd7+ 1-0

[Event "Canarias-chT"]
[Site "Fuerteventura"]
[Date "2012.06.09"]
[Round "6.3"]
[White "Ros Octavio de Toledo, Eduardo"]
[Black "Also Alvarado, Luis"]
[Result "1/2-1/2"]
[WhiteElo "2138"]
[BlackElo "2220"]
[PlyCount "55"]
[EventDate "2012.06.07"]
[EventType "team-tourn"]
[EventRounds "7"]
[EventCountry "ESP"]
[SourceTitle "CBM 148 Extra"]
[Source "ChessBase"]
[SourceDate "2012.06.22"]
[SourceVersion "1"]
[SourceVersionDate "2012.06.22"]
[SourceQuality "1"]
[WhiteTeam "La Palma CajaCanarias"]
[BlackTeam "Real Club Victoria"]
[WhiteTeamCountry "ESP"]
[BlackTeamCountry "ESP"]

1. Nf3 Nf6 2. c4 e6 3. Nc3 d5 4. d4 Be7 5. Bf4 0-0 6. e3 c5 7. dxc5 Bxc5 8. a3 Nc6 9. Be2 a6 10. 0-0 d4 11. exd4 Nxd4 12. Nxd4 Qxd4 13. Qxd4 Bxd4 14. Rac1 e5 15. Be3 Bxe3 16. fxe3 Be6 17. Rfd1 Rac8 18. Bf3 Bxc4 19. Bxb7 Rb8 20. Ne4 Rxb7 21. Nxf6+ gxf6 22. Rxc4 Rxb2 23. Rg4+ Kh8 24. Rd6 f5 25. Rg5 Rg8 26. Rxg8+ Kxg8 27. Rxa6 Kg7 28. Kf1 1/2-1/2

[Event "Las Palmas Insular-chT Pref"]
[Site "Las Palmas"]
[Date "2012.03.24"]
[Round "14.2"]
[White "Natalicchio Escalante, Ricardo Nicolas"]
[Black "Also Alvarado, Luis"]
[Result "0-1"]
[WhiteElo "2249"]
[BlackElo "2182"]
[PlyCount "79"]
[EventDate "2011.11.12"]
[EventType "team-tourn"]
[EventRounds "14"]
[EventCountry "ESP"]
[SourceTitle "EXT 2013"]
[Source "ChessBase"]
[SourceDate "2012.11.22"]
[SourceVersion "1"]
[SourceVersionDate "2012.11.22"]
[SourceQuality "1"]
[WhiteTeam "Anand Iberia"]
[BlackTeam "Real Club Victoria"]
[WhiteTeamCountry "ESP"]
[BlackTeamCountry "ESP"]

1. d4 Nf6 2. c4 e6 3. g3 c5 4. Nf3 d5 5. cxd5 Nxd5 6. Bg2 cxd4 7. 0-0 Be7 8. Nxd4 0-0 9. Qb3 Na6 10. Rd1 Nc5 11. Qc4 Bd7 12. e4 Nb6 13. Qe2 Qe8 14. Nc3 Rc8 15. e5 Nba4 16. Nxa4 Nxa4 17. Bxb7 Rb8 18. Be4 Qc8 19. Nb3 Bb5 20. Qg4 Rd8 21. Rxd8+ Qxd8 22. Nd4 Be8 23. Bc6 h5 24. Qe4 Rb4 25. Be3 Rxd4 26. Bxd4 Bxc6 27. Qxc6 Qxd4 28. Qe8+ Bf8 29. Rc1 Nc5 30. a3 Nd3 31. Rc2 Nxe5 32. Rc8 Qd1+ 33. Kg2 Qf3+ 34. Kg1 Ng6 35. Qc6 Qe2 36. Qc2 Qe1+ 37. Kg2 h4 38. h3 hxg3 39. fxg3 Ne7 40. Rc3 0-1

[Event "Las Palmas Insular-chT Pref"]
[Site "Las Palmas"]
[Date "2012.03.10"]
[Round "12.2"]
[White "Marrero Lopez, Agustin"]
[Black "Also Alvarado, Luis"]
[Result "0-1"]
[WhiteElo "1850"]
[BlackElo "2182"]
[PlyCount "80"]
[EventDate "2011.11.12"]
[EventType "team-tourn"]
[EventRounds "14"]
[EventCountry "ESP"]
[SourceTitle "EXT 2013"]
[Source "ChessBase"]
[SourceDate "2012.11.22"]
[SourceVersion "1"]
[SourceVersionDate "2012.11.22"]
[SourceQuality "1"]
[WhiteTeam "Maspalomas"]
[BlackTeam "Real Club Victoria"]
[WhiteTeamCountry "ESP"]
[BlackTeamCountry "ESP"]

1. d4 Nf6 2. c4 e6 3. Nc3 c5 4. d5 exd5 5. cxd5 d6 6. e4 g6 7. Bd3 Bg7 8. Nge2 0-0 9. 0-0 Na6 10. a3 Nc7 11. Ng3 Rb8 12. a4 a6 13. Bg5 h6 14. Be3 b5 15. Qd2 Ng4 16. h3 Nxe3 17. fxe3 bxa4 18. Nxa4 Qg5 19. Rf3 Nb5 20. Qe2 Bd7 21. Nf1 Nc7 22. Nc3 Rb6 23. Qc2 Rfb8 24. Ra2 Bb5 25. Bxb5 axb5 26. Qf2 Qe7 27. Nd2 Na6 28. Qf1 Nb4 29. Ra5 c4 30. Qa1 Nd3 31. Nd1 Rc8 32. Ra7 Rb7 33. Ra8 Rxa8 34. Qxa8+ Kh7 35. Qa2 Ra7 36. Qb1 Nxb2 37. Rf1 Nxd1 38. Rxd1 Ra1 39. Qc2 Rxd1+ 40. Qxd1 c3 0-1

[Event "Las Palmas Insular-chT Pref"]
[Site "Las Palmas"]
[Date "2012.02.25"]
[Round "10.2"]
[White "Martin Perez, Francisco Javier"]
[Black "Also Alvarado, Luis"]
[Result "0-1"]
[WhiteElo "2062"]
[BlackElo "2182"]
[PlyCount "64"]
[EventDate "2011.11.12"]
[EventType "team-tourn"]
[EventRounds "14"]
[EventCountry "ESP"]
[SourceTitle "EXT 2013"]
[Source "ChessBase"]
[SourceDate "2012.11.22"]
[SourceVersion "1"]
[SourceVersionDate "2012.11.22"]
[SourceQuality "1"]
[WhiteTeam "Piscolabis Oleaje San Andres"]
[BlackTeam "Real Club Victoria"]
[WhiteTeamCountry "ESP"]
[BlackTeamCountry "ESP"]

1. e4 e5 2. Nf3 Nc6 3. d4 exd4 4. Nxd4 Bc5 5. Nf5 g6 6. Ne3 Nf6 7. Nc3 0-0 8. Bd2 Re8 9. Bd3 Nb4 10. 0-0 Nxd3 11. cxd3 c6 12. Bc1 Bf8 13. Qf3 Bg7 14. Nc4 d5 15. Nd2 d4 16. Nd1 Bg4 17. Qg3 Be2 18. Nc4 Nh5 19. Qh3 Bxf1 20. Kxf1 b5 21. Na3 f5 22. f3 fxe4 23. dxe4 Rf8 24. Ke2 Qf6 25. g3 Qxf3+ 26. Ke1 Qd3 27. Nf2 Rxf2 28. Kxf2 Rf8+ 29. Ke1 Qxe4+ 30. Kd1 Qd3+ 31. Ke1 Re8+ 32. Kf2 Re2+ 0-1

[Event "Las Palmas op 32nd"]
[Site "Las Palmas"]
[Date "2011.12.07"]
[Round "8"]
[White "Also Alvarado, Luis"]
[Black "Hallerod, Ralph"]
[Result "1-0"]
[WhiteElo "2182"]
[BlackElo "2139"]
[PlyCount "57"]
[EventDate "2011.12.02"]
[EventType "swiss"]
[EventRounds "9"]
[EventCountry "ESP"]
[SourceTitle "CBM 145 Extra"]
[Source "ChessBase"]
[SourceDate "2012.01.03"]
[SourceVersion "1"]
[SourceVersionDate "2012.01.03"]
[SourceQuality "1"]

1. d4 Nf6 2. Nf3 e6 3. c4 b6 4. g3 Ba6 5. b3 Bb4+ 6. Bd2 Qe7 7. Bg2 d5 8. 0-0 Bxd2 9. Nbxd2 0-0 10. Ne5 Bb7 11. Rc1 Nc6 12. Nxc6 Bxc6 13. Qc2 Rac8 14. Rfd1 Bb7 15. c5 c6 16. b4 Ba6 17. Re1 Nd7 18. e4 dxe4 19. Nxe4 Rc7 20. Nd6 Rd8 21. Qa4 Nb8 22. Qb3 h6 23. a4 b5 24. axb5 Bxb5 25. d5 Qf8 26. dxe6 fxe6 27. Rxe6 Kh7 28. Rce1 Rcc8 29. Re7 1-0

[Event "Las Palmas op 32nd"]
[Site "Las Palmas"]
[Date "2011.12.06"]
[Round "7"]
[White "Lopez Colon, Francisco"]
[Black "Also Alvarado, Luis"]
[Result "0-1"]
[WhiteElo "2110"]
[BlackElo "2182"]
[PlyCount "84"]
[EventDate "2011.12.02"]
[EventType "swiss"]
[EventRounds "9"]
[EventCountry "ESP"]
[SourceTitle "CBM 145 Extra"]
[Source "ChessBase"]
[SourceDate "2012.01.03"]
[SourceVersion "1"]
[SourceVersionDate "2012.01.03"]
[SourceQuality "1"]

1. d4 d5 2. c4 e6 3. Nc3 c5 4. cxd5 exd5 5. Nf3 Nc6 6. g3 c4 7. Bg2 Bb4 8. 0-0 Nge7 9. e4 0-0 10. exd5 Nxd5 11. Nxd5 Qxd5 12. Be3 Qb5 13. d5 Rd8 14. Nd4 Nxd4 15. Qxd4 Bf5 16. Rac1 Bd3 17. Rfd1 Be2 18. Bf1 Bxd1 19. Bxc4 Qa4 20. Rxd1 Bc5 21. Qd3 Bxe3 22. fxe3 Rd6 23. e4 Qe8 24. Qd4 f6 25. Bf1 Qe5 26. Qxe5 fxe5 27. Rc1 Rb6 28. b3 Rb4 29. Bh3 Kf7 30. Rc7+ Kf6 31. Bc8 Rxe4 32. Bxb7 Rd8 33. Bc6 a5 34. Ra7 Re2 35. Rxa5 e4 36. Ra6 Ke5 37. Bb5 Rd2 38. Bc4 Rf8 39. b4 Rff2 40. Ra3 Kd4 41. d6 e3 42. Rd3+ Rxd3 0-1

[Event "Las Palmas op 32nd"]
[Site "Las Palmas"]
[Date "2011.12.03"]
[Round "2"]
[White "Buet, Samuel"]
[Black "Also Alvarado, Luis"]
[Result "0-1"]
[WhiteElo "1830"]
[BlackElo "2182"]
[PlyCount "58"]
[EventDate "2011.12.02"]
[EventType "swiss"]
[EventRounds "9"]
[EventCountry "ESP"]
[SourceTitle "CBM 145 Extra"]
[Source "ChessBase"]
[SourceDate "2012.01.03"]
[SourceVersion "1"]
[SourceVersionDate "2012.01.03"]
[SourceQuality "1"]

1. Nf3 Nf6 2. e3 g6 3. b3 Bg7 4. Bb2 0-0 5. c4 d6 6. Nc3 e5 7. d4 Nbd7 8. Bd3 Re8 9. Qc2 exd4 10. Nxd4 Ng4 11. Nf3 Nc5 12. 0-0 c6 13. Rad1 Qe7 14. h3 Ne5 15. Nxe5 Bxe5 16. b4 Nxd3 17. Qxd3 Be6 18. f4 Bg7 19. e4 f5 20. exf5 Bxf5 21. Qxd6 Qxd6 22. Rxd6 Bf8 23. Rdd1 Bxb4 24. Rfe1 Rxe1+ 25. Rxe1 Rd8 26. a3 Bc5+ 27. Kh1 Rd2 28. Na4 Bd6 29. Bc1 Rd4 0-1

[Event "Las Palmas-chT"]
[Site "Las Palmas"]
[Date "2011.04.09"]
[Round "12.2"]
[White "Perez Rosales, Pedro"]
[Black "Also Alvarado, Luis"]
[Result "1/2-1/2"]
[WhiteElo "2148"]
[BlackElo "2178"]
[PlyCount "33"]
[EventDate "2011.01.15"]
[EventType "team-swiss"]
[EventRounds "14"]
[EventCountry "ESP"]
[SourceTitle "EXT 2012"]
[Source "ChessBase"]
[SourceDate "2011.11.24"]
[SourceVersion "1"]
[SourceVersionDate "2011.11.24"]
[SourceQuality "1"]
[WhiteTeam "Villa de Teror"]
[BlackTeam "Real Club Victoria"]
[WhiteTeamCountry "ESP"]
[BlackTeamCountry "ESP"]

1. e4 e5 2. Bc4 Nf6 3. d3 Bc5 4. Nf3 d6 5. 0-0 Nc6 6. c3 Bb6 7. b4 0-0 8. a4 a5 9. b5 Ne7 10. Qb3 c6 11. Ba3 Rb8 12. Nbd2 Ng6 13. d4 d5 14. Bd3 Re8 15. dxe5 Nxe5 16. Nxe5 Rxe5 17. Nf3 1/2-1/2

[Event "Gran Canaria Cabildo Cup"]
[Site "Gran Canaria"]
[Date "2011.03.25"]
[Round "4"]
[White "Also Alvarado, Luis"]
[Black "Gutierrez Olivares, Daniel"]
[Result "1/2-1/2"]
[WhiteElo "2178"]
[BlackElo "2205"]
[PlyCount "92"]
[EventDate "2011.03.18"]
[EventType "tourn"]
[EventRounds "9"]
[EventCountry "ESP"]
[EventCategory "1"]
[SourceTitle "CBM 141 Extra"]
[Source "ChessBase"]
[SourceDate "2011.05.03"]
[SourceVersion "1"]
[SourceVersionDate "2011.05.03"]
[SourceQuality "1"]

1. d4 e6 2. Nf3 Nf6 3. c4 b6 4. g3 Ba6 5. b3 b5 6. cxb5 Bxb5 7. Bg2 d5 8. 0-0 Bd6 9. Nc3 Ba6 10. b4 c6 11. Rb1 0-0 12. Re1 Nbd7 13. Bf4 Bxf4 14. gxf4 Bc4 15. a4 a5 16. Ne5 Nxe5 17. fxe5 Ng4 18. h3 axb4 19. Rxb4 Nh6 20. e4 f6 21. Qh5 Qa5 22. Reb1 Bd3 23. R1b3 Bc2 24. Rb2 c5 25. dxc5 Qxc5 26. Qe2 Rac8 27. Qxc2 d4 28. Rb5 Qc4 29. Qb3 dxc3 30. Qxc4 Rxc4 31. Rc2 fxe5 32. a5 Rfc8 33. Rxe5 Rb4 34. Bf1 Nf7 35. Rxe6 Ng5 36. Rb6 Ra4 37. Rb3 Nf3+ 38. Kh1 Nd2 39. Rbxc3 Rxc3 40. Rxc3 Ra1 41. Rd3 Nxf1 42. Kg2 Kf7 43. a6 Ke6 44. a7 Ra2 45. Kxf1 Ke5 46. Re3 Ra4 1/2-1/2

[Event "Gran Canaria Cabildo Cup"]
[Site "Gran Canaria"]
[Date "2011.03.21"]
[Round "2"]
[White "Also Alvarado, Luis"]
[Black "Angel Acosta, Juan Carlos"]
[Result "1-0"]
[WhiteElo "2178"]
[BlackElo "2181"]
[PlyCount "79"]
[EventDate "2011.03.18"]
[EventType "tourn"]
[EventRounds "9"]
[EventCountry "ESP"]
[EventCategory "1"]
[SourceTitle "CBM 141 Extra"]
[Source "ChessBase"]
[SourceDate "2011.05.03"]
[SourceVersion "1"]
[SourceVersionDate "2011.05.03"]
[SourceQuality "1"]

1. d4 Nf6 2. Nf3 e6 3. c4 c5 4. d5 b5 5. Bg5 exd5 6. cxd5 d6 7. e4 a6 8. a4 b4 9. Nbd2 Be7 10. Bc4 0-0 11. h3 Ne8 12. Bf4 Bf6 13. Qb3 Nd7 14. 0-0 Qe7 15. Rfe1 Ne5 16. Nxe5 Bxe5 17. Bxe5 dxe5 18. Qe3 Qa7 19. Nb3 Nd6 20. Bf1 c4 21. Qxa7 Rxa7 22. Na5 Rc7 23. Nc6 b3 24. Rac1 Bb7 25. Bxc4 Nxc4 26. Rxc4 Bxc6 27. Rec1 f5 28. Rxc6 Rd7 29. Rxa6 fxe4 30. Rd1 Rb8 31. a5 Rb5 32. d6 Kf7 33. Rb6 Rxa5 34. Rxb3 Ra4 35. Rd5 Ke6 36. Rbb5 Rd4 37. Rxe5+ Kxd6 38. Re8 Kc6 39. Rbe5 Rf7 40. Rxe4 1-0

[Event "Las Palmas-chT"]
[Site "Las Palmas"]
[Date "2011.02.26"]
[Round "7.4"]
[White "Also Alvarado, Luis"]
[Black "Alvarado Ascanio, Francisco"]
[Result "1/2-1/2"]
[WhiteElo "2178"]
[BlackElo "2195"]
[PlyCount "37"]
[EventDate "2011.01.15"]
[EventType "team-swiss"]
[EventRounds "14"]
[EventCountry "ESP"]
[SourceTitle "EXT 2012"]
[Source "ChessBase"]
[SourceDate "2011.11.24"]
[SourceVersion "1"]
[SourceVersionDate "2011.11.24"]
[SourceQuality "1"]
[WhiteTeam "Real Club Victoria"]
[BlackTeam "La Caja de Las Palmas"]
[WhiteTeamCountry "ESP"]
[BlackTeamCountry "ESP"]

1. d4 e6 2. Nf3 Nf6 3. c4 d5 4. cxd5 exd5 5. Nc3 c6 6. Qc2 g6 7. Bg5 Be7 8. e3 Bf5 9. Bd3 Bxd3 10. Qxd3 Nbd7 11. h4 a5 12. 0-0-0 b5 13. Kb1 a4 14. h5 Nxh5 15. Rxh5 gxh5 16. Bh6 Bf8 17. Bg5 Be7 18. Bh6 Bf8 19. Bg5 1/2-1/2